000 00443nam a2200169 4500
001 14087
005 20230410115832.0
008 060907n1999 dr spa
035 _9funglode14208
041 _aES
050 1 4 _aHMM
100 _aMorales, J. Rolando
245 1 _aDesdeñosa y amarillenta :
_bhistoria de una vida acuartelada
260 _aSanto Domingo :
_bEditora Búho,
_c1999
300 _a66 p.
942 _2lcc
_cbk
999 _c48903
_d48903